Economic development in Southeast Asia: the Chinese dimension

Na minha lista:
Detalhes bibliográficos
Autor principal: Wu, Yuan-li
Formato: Livro
Idioma:Undetermined
Publicado em: Stanford Hoover Institution Press 1980
Assuntos:
Tags: Adicionar Tag
Sem tags, seja o primeiro a adicionar uma tag!
Thư viện lưu trữ: Trung tâm Học liệu Trường Đại học Cần Thơ
LEADER 00574nam a2200205Ia 4500
001 CTU_93500
008 210402s9999 xx 000 0 und d
082 |a 338.959 
082 |b W959 
100 |a Wu, Yuan-li 
245 0 |a Economic development in Southeast Asia: 
245 4 |b the Chinese dimension 
245 0 |c Yuan-li Wu, Chun-hsi Wu 
260 |a Stanford 
260 |b Hoover Institution Press 
260 |c 1980 
650 |a Economic conditions 
650 |z Asia, southeastern 
904 |i Bằng 
980 |a Trung tâm Học liệu Trường Đại học Cần Thơ